Falsettos All Songs (2016 Revival) - Statistics

General Stats
  • This quiz has been taken 282 times
  • The average score is 33 of 43
Answer Stats
Hint Answer % Correct
1 Four Jews in a Room Bitching
96%
23 Falsettoland
93%
9 I’m Breaking Down
92%
4 The Thrill of First Love
91%
2 A Tight Knit Family
89%
5 Marvin at the Psychiatrist
88%
17 The Chess Game
88%
15 March of the Falsettos
87%
6 My Father's a Homo
86%
27 The Baseball Game
86%
20 Marvin Hits Trina
84%
32 Something Bad is Happening
83%
19 The Games I play
83%
40 You Gotta Die Sometime
83%
28 A Day in Falsettoland
81%
22 Father to Son
81%
3 Love Is Blind
81%
37 Unlikely Lovers
81%
14 Trina's Song
80%
42 What Would I Do?
79%
43 Falsettoland (Reprise)
78%
41 Jason's Bar Mitzvah
78%
18 Making a Home
77%
26 Miracle of Judaism
75%
8 This Had Better Come to a Stop
74%
39 Something Bad is Happening (Reprise)
73%
25 Year of the Child
73%
12 A Marriage Proposal
72%
35 Days Like This
71%
30 Everyone Hates His Parents
71%
21 I Never Wanted to Love You
71%
24 About Time
68%
10 Please Come to Our House
68%
31 What More Can I Say?
68%
7 Everyone Tells Jason to See a Psychiatrist
67%
34 Holding to the Ground
66%
16 Trina's Song (Reprise)
66%
13 A Tight Knit Family (Reprise)
62%
36 Cancelling the Bar Mitzvah
61%
11 Jason's Therapy
61%
38 Another Miracle of Judaism
59%
33 More Racquetball
54%
29 The Fight
30%
No matching quizzes found
Score Distribution
Percent of People with Each Score
Percentile by Number Answered
Your Score History
You have not taken this quiz